000 00294nam a22001337a 4500
008 170922b xxu||||| |||| 00| 0 eng d
020 _a138274029
041 _aeng
080 _a37
100 _a46
101 _aEDU
245 _aSPEECH AND LANGUAGE PROBLEMS
_cEGLAND, G.O
942 _2udc
_cBK
999 _c29171
_d29171